000 00461cam a2200181 4500
001 D8433
008 090401t1979 xxu||||| |||| 00| 0 eng d
035 _a(Sirsi) u13003
041 _aeng
050 _a333.33025
110 _aRoyal Institution of Chartered Surveyors
_94900
245 _aYearbook 1978-79
260 _aEast Grinstead
_bThomas Skinner Directories
_c1979
300 _aiii. 1705p. 30cm
350 _a15
942 _n0
948 _c04/03/1997
999 _c87047
_d87047